<?xml version="1.0" encoding="UTF-8"?>
<record
    xmlns:xsi="http://www.w3.org/2001/XMLSchema-instance"
    xsi:schemaLocation="http://www.loc.gov/MARC21/slim http://www.loc.gov/standards/marcxml/schema/MARC21slim.xsd"
    xmlns="http://www.loc.gov/MARC21/slim">

  <leader>00500nam a2200157Ia 4500</leader>
  <controlfield tag="005">20250421135024.0</controlfield>
  <controlfield tag="008">231217s9999    xx            000 0 und d</controlfield>
  <datafield tag="020" ind1=" " ind2=" ">
    <subfield code="a">9788177588132</subfield>
  </datafield>
  <datafield tag="082" ind1=" " ind2=" ">
    <subfield code="a">658.3153  SIN;1</subfield>
  </datafield>
  <datafield tag="100" ind1=" " ind2=" ">
    <subfield code="a">Sinha, PRN. Indu, Bala Sinha. Seema Priyadarshini Shekhar.</subfield>
  </datafield>
  <datafield tag="245" ind1=" " ind2="0">
    <subfield code="a">Industrial relations, trade unions and labour legislation</subfield>
  </datafield>
  <datafield tag="260" ind1=" " ind2=" ">
    <subfield code="c">2006</subfield>
    <subfield code="b">Dorling Kindersley</subfield>
    <subfield code="a">Noida</subfield>
  </datafield>
  <datafield tag="300" ind1=" " ind2=" ">
    <subfield code="a">xx, 632</subfield>
  </datafield>
  <datafield tag="650" ind1=" " ind2=" ">
    <subfield code="a">relations,,trade,unions,labour,legislation</subfield>
  </datafield>
  <datafield tag="942" ind1=" " ind2=" ">
    <subfield code="c">AA</subfield>
  </datafield>
  <datafield tag="999" ind1=" " ind2=" ">
    <subfield code="c">192829</subfield>
    <subfield code="d">192829</subfield>
  </datafield>
  <datafield tag="952" ind1=" " ind2=" ">
    <subfield code="r">2024-01-26 00:00:00</subfield>
    <subfield code="l">0</subfield>
    <subfield code="o">658.3153  SIN;1</subfield>
    <subfield code="p">79348</subfield>
    <subfield code="W">20</subfield>
    <subfield code="u">digital/contents/79349.pdf</subfield>
    <subfield code="v">380.00</subfield>
    <subfield code="w">2024-01-26</subfield>
    <subfield code="y">AA</subfield>
    <subfield code="1">0</subfield>
    <subfield code="4">0</subfield>
    <subfield code="7">0</subfield>
    <subfield code="8">MBA</subfield>
    <subfield code="0">0</subfield>
    <subfield code="K">SIPHO/2011/CRB/579</subfield>
    <subfield code="L">12/09/2016</subfield>
    <subfield code="a">ML</subfield>
    <subfield code="b">ML</subfield>
    <subfield code="c">MBA</subfield>
    <subfield code="d">2011-08-03</subfield>
    <subfield code="e">Surya Infotainment Products Pvt. Ltd.</subfield>
    <subfield code="g">475.00</subfield>
    <subfield code="E">MBA</subfield>
    <subfield code="G">RS</subfield>
    <subfield code="F">1</subfield>
    <subfield code="V">95</subfield>
    <subfield code="U">Rupees</subfield>
  </datafield>
  <datafield tag="952" ind1=" " ind2=" ">
    <subfield code="r">2024-01-26 00:00:00</subfield>
    <subfield code="l">0</subfield>
    <subfield code="o">658.3153  SIN;2  R</subfield>
    <subfield code="p">79349</subfield>
    <subfield code="W">20</subfield>
    <subfield code="u">digital/contents/79349.pdf</subfield>
    <subfield code="v">380.00</subfield>
    <subfield code="w">2024-01-26</subfield>
    <subfield code="y">AA</subfield>
    <subfield code="1">0</subfield>
    <subfield code="4">0</subfield>
    <subfield code="7">0</subfield>
    <subfield code="8">CL</subfield>
    <subfield code="0">0</subfield>
    <subfield code="K">SIPHO/2011/CRB/579</subfield>
    <subfield code="L">12/09/2016</subfield>
    <subfield code="a">ML</subfield>
    <subfield code="b">ML</subfield>
    <subfield code="c">CL</subfield>
    <subfield code="d">2011-08-03</subfield>
    <subfield code="e">Surya Infotainment Products Pvt. Ltd.</subfield>
    <subfield code="g">475.00</subfield>
    <subfield code="E">MBA</subfield>
    <subfield code="G">RS</subfield>
    <subfield code="F">1</subfield>
    <subfield code="V">95</subfield>
    <subfield code="U">Rupees</subfield>
  </datafield>
  <datafield tag="952" ind1=" " ind2=" ">
    <subfield code="r">2024-01-26 00:00:00</subfield>
    <subfield code="l">0</subfield>
    <subfield code="o">658.3153  SIN;3  R1</subfield>
    <subfield code="p">79350</subfield>
    <subfield code="W">20</subfield>
    <subfield code="u">digital/contents/79349.pdf</subfield>
    <subfield code="v">380.00</subfield>
    <subfield code="w">2024-01-26</subfield>
    <subfield code="y">AA</subfield>
    <subfield code="1">0</subfield>
    <subfield code="4">0</subfield>
    <subfield code="7">0</subfield>
    <subfield code="8">CL</subfield>
    <subfield code="0">0</subfield>
    <subfield code="K">SIPHO/2011/CRB/579</subfield>
    <subfield code="L">12/09/2016</subfield>
    <subfield code="a">ML</subfield>
    <subfield code="b">ML</subfield>
    <subfield code="c">CL</subfield>
    <subfield code="d">2011-08-03</subfield>
    <subfield code="e">Surya Infotainment Products Pvt. Ltd.</subfield>
    <subfield code="g">475.00</subfield>
    <subfield code="E">MBA</subfield>
    <subfield code="G">RS</subfield>
    <subfield code="F">1</subfield>
    <subfield code="V">95</subfield>
    <subfield code="U">Rupees</subfield>
  </datafield>
  <datafield tag="952" ind1=" " ind2=" ">
    <subfield code="r">2025-02-07 00:00:00</subfield>
    <subfield code="l">1</subfield>
    <subfield code="o">658.3153  SIN;4</subfield>
    <subfield code="p">79351</subfield>
    <subfield code="W">20</subfield>
    <subfield code="s">2025-02-06</subfield>
    <subfield code="u">digital/contents/79349.pdf</subfield>
    <subfield code="v">380.00</subfield>
    <subfield code="w">2024-01-26</subfield>
    <subfield code="y">AA</subfield>
    <subfield code="1">0</subfield>
    <subfield code="4">0</subfield>
    <subfield code="7">0</subfield>
    <subfield code="8">CL</subfield>
    <subfield code="0">0</subfield>
    <subfield code="K">SIPHO/2011/CRB/579</subfield>
    <subfield code="L">12/09/2016</subfield>
    <subfield code="a">ML</subfield>
    <subfield code="b">ML</subfield>
    <subfield code="c">CL</subfield>
    <subfield code="d">2011-08-03</subfield>
    <subfield code="e">Surya Infotainment Products Pvt. Ltd.</subfield>
    <subfield code="g">475.00</subfield>
    <subfield code="E">MBA</subfield>
    <subfield code="G">RS</subfield>
    <subfield code="F">1</subfield>
    <subfield code="V">95</subfield>
    <subfield code="U">Rupees</subfield>
  </datafield>
  <datafield tag="952" ind1=" " ind2=" ">
    <subfield code="r">2025-02-07 00:00:00</subfield>
    <subfield code="l">1</subfield>
    <subfield code="o">658.3153  SIN;5</subfield>
    <subfield code="p">79352</subfield>
    <subfield code="W">20</subfield>
    <subfield code="s">2025-02-06</subfield>
    <subfield code="u">digital/contents/79349.pdf</subfield>
    <subfield code="v">380.00</subfield>
    <subfield code="w">2024-01-26</subfield>
    <subfield code="y">AA</subfield>
    <subfield code="1">0</subfield>
    <subfield code="4">0</subfield>
    <subfield code="7">0</subfield>
    <subfield code="8">CL</subfield>
    <subfield code="0">0</subfield>
    <subfield code="K">SIPHO/2011/CRB/579</subfield>
    <subfield code="L">12/09/2016</subfield>
    <subfield code="a">ML</subfield>
    <subfield code="b">ML</subfield>
    <subfield code="c">CL</subfield>
    <subfield code="d">2011-08-03</subfield>
    <subfield code="e">Surya Infotainment Products Pvt. Ltd.</subfield>
    <subfield code="g">475.00</subfield>
    <subfield code="E">MBA</subfield>
    <subfield code="G">RS</subfield>
    <subfield code="F">1</subfield>
    <subfield code="V">95</subfield>
    <subfield code="U">Rupees</subfield>
  </datafield>
</record>
